000 00456nam a2200157 a 4500
005 20140412111311.0
008 010418s19uu xx 00 eng d
020 _a0-7835-1316-X
050 _aREF 170
_bC54Te v.16
245 _aTeaching good behavior (a guide for parents).
260 _aHong Kong :
_bTime Life Inc,
_c1987.
300 _a102p.
440 _aA child's first library of values
650 _aBehavior-Study and teaching
999 _c104016
_d104016